00693nam a22002297a 450000500170000001000130001702000190003003500130004903700160006204000120007808200190009010000220010924501210013124600060025226000370025827000620029530000200035750000230037765000290040065000150042970000190044420170124105922.0 aA-943226 c00a8170943299 aA-943226 bCen Lib/Ret aDPLbEN a384.55023bCHA aChaudhary, Amit  aCareers in television & broadcasting :cby Amit Chaudhary, Saurabh Singh bthousands of exciting new opportunities / b  bVision Books c1996 aNew Delhi  bNew Delhi a24, feroze gandhi road, lajpat nagar e110024 a128p.c21cm(Hb) aIncludes appendix  aBroadcasting Industries  aEmployment aSaurabh Singh